01828nab a2200229uuc4500001000800000005001700008008004100025035001200066040001300078041000800091100004400099245008900143520102300232650003501255650002301290650002801313650002901341700004201370700003301412700003601445773011701481154213720240202134030.0200220e20190105 spa  a1542137 ccomduadb aspa10aBarrera Rojas, Miguel Ángel4auteaut10aDesigualdad y pobreza extrema en mujeres indígenas mayas en Quintana Roo, México3 aEste trabajo presenta resultados de investigación en torno a las condiciones de pobreza que se suscitan en la Zona Maya de Quintana Roo, México, en el caso de las mujeres. Para el desarrollo metodológico, se replicó la variable Ingreso Corriente de la Encuesta Nacional de Ingreso y Gasto de los Hogares en México y se realizó trabajo de campo en localidades de dos municipios de esta zona. Se contrastaron los datos recabados contra tres indicadores de pobreza: Línea de pobreza extrema propuesta por Banco Mundial, la Línea de bienestar mínimo y la Línea de bienestar propuesta por el Consejo Nacional de Evaluación de la Política de Desarrollo Social. Finalmente, se presentan resultados donde se evidencia que existen condiciones de pobreza extrema en la población objeto de estudio y que las mujeres tienen ingresos muy por debajo y desiguales en comparación a los hombres, los cuales se encuentran soportados principalmente por dinero proveniente de programas de combate a la pobreza. aMujeres indígenas - México aPobreza - México aDesigualdad económica 7aPolítica social2embne10aSánchez Carballo, Alfredo4auteaut10aRuiz Sanchez, Joel4auteaut10aRuiz Guevara, Natalia4auteaut0 tRevista de Ciencias Sociales (San José)gNúmero 163, Enero-Marzo de 2019, p. 45-68w200521x0482-5276084842